=LDR 00000nam 2200000 4500 =001 INLIS000000000028676 =005 20130612130949 =008 ***********************************ind** =035 ##$$0010-061300000028676 =041 ##$$a ind =082 ##$$a 808.3 =090 ##$$a 808.3, ATM n =100 ##$$a Atmaja, Jiwa =245 ##$$a Notasi tentang novel dan semiotika sastra, Jiwa Atmaja =260 ##$$a 1986 $b Ende =300 ##$$a 99 hlm., 21 cm =650 ##$$a Fiksi =650 ##$$a Teknik =850 ##$$a NBPNMAT